|
|
|
|
| LEADER |
02461nam a22004934a 4500 |
| 001 |
36774 |
| 003 |
BD-DhAAL |
| 005 |
20211129111922.0 |
| 008 |
191204t20101989nyu 000 0aeng d |
| 999 |
|
|
|c 41191
|d 41191
|
| 020 |
|
|
|a 9780393338690
|
| 020 |
|
|
|a 9780393066258
|
| 020 |
|
|
|a 0393066258
|
| 035 |
|
|
|a (OCoLC)840404468
|z (OCoLC)919584094
|
| 035 |
|
|
|a 9381557
|
| 037 |
|
|
|a B003E20ZRY
|b (Amazon Standard Identification Number (ASIN))
|
| 037 |
|
|
|a C3CF7F42-3260-4EB7-A9FF-2026BF9CB507
|b OverDrive, Inc.
|n http://www.overdrive.com
|
| 040 |
|
|
|a NDB
|b eng
|c NDB
|d NDB
|d OCLCO
|d TEFOD
|d OCLCF
|d TOH
|d TEFOD
|d OCLCQ
|d NIC
|d BD-DhAAL
|
| 043 |
|
|
|a n-us---
|
| 050 |
1 |
4 |
|a HG4928.5
|b .L48 2010eb
|
| 082 |
0 |
4 |
|a 332.620973
|2 19
|
| 100 |
1 |
|
|a Lewis, Michael
|q (Michael M.)
|9 37949
|
| 245 |
1 |
0 |
|a Liar's poker :
|b rising through the wreckage on Wall Street /
|c Michael Lewis.
|
| 260 |
|
|
|a New York :
|b W.W. Norton,
|c 2010.
|
| 300 |
|
|
|a 310 pages ;
|c 21 cm
|
| 500 |
|
|
|a B003E20ZRY (Amazon Standard Identification Number (ASIN)).
|
| 505 |
0 |
0 |
|t Liar's poker --
|t Never mention money --
|t Learning to love your corporate culture --
|t Adult education --
|t A brotherhood of hoods --
|t The fat men and their marvelous money machine --
|t The Salomon diet --
|t From geek to man --
|t The art of war --
|t How can we make you happier? --
|t When bad things happen to rich people.
|
| 520 |
|
|
|a The author recounts his experiences on the lucrative Wall Street bond market of the 1980s, where young traders made millions in a very short time, in a humorous account of greed and epic folly.
|
| 526 |
|
|
|a BBS
|
| 538 |
|
|
|a System requirements vary by file format. See OverDrive download page for details.
|
| 541 |
|
|
|a Book Finder International
|e 36774
|
| 600 |
1 |
0 |
|a Lewis, Michael
|q (Michael M.)
|9 37949
|
| 600 |
1 |
7 |
|a Lewis, Michael
|q (Michael M.)
|2 fast
|9 37949
|
| 610 |
2 |
0 |
|a Salomon Brothers.
|9 37950
|
| 610 |
2 |
7 |
|a Salomon Brothers.
|2 fast
|9 37950
|
| 650 |
|
0 |
|a Brokers
|z United States
|v Biography.
|9 37951
|
| 650 |
|
0 |
|a Bonds
|z United States.
|9 37952
|
| 650 |
|
0 |
|a Business & finance.
|9 43349
|
| 650 |
|
7 |
|a Bonds.
|2 fast
|9 37953
|
| 650 |
|
7 |
|a Brokers.
|2 fast
|9 37954
|
| 651 |
|
7 |
|a United States.
|2 fast
|9 37955
|
| 852 |
|
|
|a Ayesha Abed Library
|c General Stacks
|
| 942 |
|
|
|2 ddc
|c BK
|
| 952 |
|
|
|0 0
|1 0
|2 ddc
|4 0
|6 332_620973000000000_LEW
|7 0
|9 67337
|a BRACUL
|b BRACUL
|c GEN
|d 2019-12-02
|e Book Finder International
|g 1078.80
|l 6
|m 30
|o 332.620973 LEW
|p 3010036774
|r 2026-05-13
|s 2026-04-13
|t 1
|v 1078.80
|w 2019-12-02
|y BK
|